Europa: Geografie mit M - Statistiken

Allgemein
  • Dieses Quiz wurde 309 mal gespielt
    153 seit der letzten Aktualisierung
  • Das Durchschnittsergebnis liegt bei 12 aus 16
Antwortstatistiken
Hinweis Antwort % Korrekt
Der gesamte Süden Europas grenzt an dieses Gewässer Mittelmeer
98%
Norditalienische Mode-Metropole Mailand
97%
Das Stadion Old Trafford befindet sich in dieser englischen Stadt Manchester
95%
2006 wurde das Land, das den Euro als Währung verwendet, von Serbien unabhängig Montenegro
95%
Größte Stadt auf dem europäischen Kontinent Moskau
95%
Fluss durch die tschechische Hauptstadt oder Republik in Osteuropa Moldau
93%
Größte Insel der Balearen Mallorca
91%
Der 4478 Meter hohe Berg in der Nähe von Zermatt ist aufgrund seiner einzigartigen Form einer der bekanntesten Berge der Alpen Matterhorn
81%
Westlicher Landesteil eines Bundeslandes im Nordosten Deutschlands Mecklenburg
80%
Größter Stadtteil von Monaco, der insbesondere für seine Spielbank bekannt ist Monte-Carlo
77%
Im italienischen Teil dieses Sees findet man die Isola Bella, an seinem Schweizer Ufer liegt die Stadt Locarno Lago {Maggiore}
76%
Zu den Sehenswürdigkeiten dieser Stadt gehört die Kirche Notre-Dame de la Garde, die auf einem Hügel über dem Vieux Port steht Marseille
73%
In der Sprache dieses Landes gibt es den Buchstaben Ħ, beispielsweise im Namen der Stadt Ħamrun Malta
50%
Die zweitgrößte Stadt Sloweniens liegt an der Drau und war 2012 Kulturhauptstadt Europas Maribor
43%
Das Wahrzeichen dieser Stadt, die Brücke Stari Most, wurde 1993 im Bosnienkrieg zerstört und später wieder aufgebaut Mostar
41%
Landschaft im Nordosten Polens, die für ihre Seenplatte bekannt ist Masuren
35%
Keine übereinstimmenden Quizze gefunden
Verteilung der Resultate
Anzahl Personen mit jedem Resultat
Perzentil nach korrekt beantworteten Fragen
Ihre Resultats-Entwicklung
Sie haben dieses Quiz seit der letzten Aktualisierung nicht gespielt